[Event "Summer Cup"]
[Site "Wellington Chess Club"]
[Date "2013.02.21"]
[Round "3"]
[White "Farrington, Lawrence"]
[Black "Forster, Bill"]
[Result "0-1"]
[WhiteElo "1730"]
[BlackElo "2078"]

1. e4 d6 2. d4 Nf6 3. Nc3 c6 4. Nf3 Qa5 5. Bd2 Nbd7 6. Be2 Qc7 7. O-O e5 8. h3
Be7 9. dxe5 dxe5 10. Re1 O-O 11. Bc4 Nc5 12. b4 Ne6 13. Bxe6 Bxe6 14. a3 Bc4
15. Bg5 Rad8 16. Qb1 Nh5 17. Bxe7 Qxe7 18. Qb2 Nf4 19. Na4 f6 20. Nc3 Qf7 21.
Kh2 Qh5 {#Diagram } 22. Qc1 ( {Black has a model Philidor position and white
cannot reasonably avoid material loss, eg} 22. Re3 Be6 23. Ng1 Rd2 {would be
devastating} ) 22... Nxh3 $1 23. gxh3 Qxf3 24. Qe3 Qxe3 25. Rxe3 Rd2 {The rest
is, as they say a matter of technique. Lawrence fought to the end and I must
say I greatly enjoyed slowly strangling him to death. Does that make me a bad
person?} 26. Kg3 Rfd8 27. Rc1 Kf7 28. Kg2 g5 29. Ree1 h5 30. Nd1 Be6 31. Ne3
R2d4 32. Nf1 Rc4 33. Ng3 h4 34. Nf5 Bxf5 35. exf5 Ke7 36. Re3 Rd2 37. c3 Rf4
38. Rf3 Re4 39. a4 Ree2 40. Kg1 e4 41. Re3 Rxe3 42. fxe3 Re2 43. Rd1 Rxe3 44.
Rd4 Rxh3 45. Rxe4+ Kf7 46. Rd4 Ke7 47. c4 Re3 48. Rd2 Re5 49. Rf2 Kf7 50. Rd2
Rxf5 51. Rd7+ Kg6 52. Rxb7 Rf4 53. Rxa7 Rxc4 54. Rb7 c5 55. a5 cxb4 56. a6 Rc6
57. a7 Ra6 58. Rxb4 Rxa7 59. Kg2 Ra3 60. Rb2 Kh5 61. Rb8 Ra2+ 62. Kg1 f5 63.
Rh8+ Kg4 64. Rg8 f4 65. Rb8 Kg3 66. Rb1 f3 67. Kh1 Rh2+ 0-1

[Event "Summer Cup"]
[Site "Wellington Chess Club"]
[Date "2013.02.21"]
[Round "3"]
[White "Heaton, Ken"]
[Black "Sellen, Ian"]
[Result "1/2-1/2"]
[WhiteElo "1653"]
[BlackElo "2033"]

1. e4 e6 2. d4 d5 3. Nc3 Bb4 4. e5 c5 5. Be3 Nc6 6. Nf3 Nge7 7. Bd3 Qa5 8. Qd2
Bd7 9. O-O O-O 10. a3 Bxc3 11. Qxc3 Qxc3 12. bxc3 f6 13. c4 cxd4 14. exf6 dxe3
15. fxe7 exf2+ 16. Rxf2 Nxe7 17. cxd5 Nxd5 18. Raf1 Rac8 19. Ng5 g6 20. Rxf8+ (
{I was expecting} 20. Nxh7 Rxf2 21. Rxf2 { when } 21... Kxh7 ( {Better is}
21... Kg7 22. Ng5 Nf6 { although} 23. Re2 { } 23... Re8 { feels uncomfortable}
) 22. Rf7+ {leads to a worse position for Black} ) 20... Rxf8 21. Rxf8+ Kxf8
22. Nxh7+ Kg7 23. Ng5 e5 24. Nf3 Kf6 25. Kf2 ( {Here I was ready to resign
after} 25. Bxg6 { but the computer sees a way through: } 25... Nc3 26. Kf2 a5
27. Ke3 Nb1 {Black will pick up a pawn somewhere} ) 25... Bc6 1/2-1/2

[Event "Summer Cup"]
[Site "Wellington Chess Club"]
[Date "2013.02.21"]
[Round "3"]
[White "Ker, Anthony"]
[Black "Pomeroy, Arthur"]
[Result "1-0"]
[WhiteElo "2452"]
[BlackElo "2108"]

1. e4 c5 2. c3 Nf6 3. e5 Nd5 4. d4 cxd4 5. Nf3 e6 6. cxd4 d6 7. Bc4 Nc6 8. O-O
Be7 9. Qe2 O-O 10. Qe4 Qc7 11. Re1 Bd7 12. Ng5 Bxg5 13. Bxg5 Nce7 14. Na3 a6
15. Bd3 Ng6 16. Nc4 dxe5 17. Nxe5 f5 18. Qf3 Nxe5 19. Rxe5 Nb4 20. Rc1 Qb6 21.
Bc4 Qxd4 22. Bxe6+ Bxe6 23. Rxe6 Rae8 24. Qb3 Rxe6 25. Qxe6+ Kh8 26. Qxf5 Rg8
27. h4 Nc6 28. Qc2 h6 29. Qg6 {#Diagram An exciting battle is nearing its
climax. White is a pawn up, is attacking, and black's rook is entirely passive.
However the computer evaluation is that black has several moves to hold the
balance. Of course taking the bishop immediately is impossible because of Qh5
mate} 29... Ne5 { This is a decent option, but perhaps more logical is}  (29...
Qg4 $1 {h5 is protected, and the bishop is now pinned. Furthermore after the
forced sequence} 30. f3 Qd4+ 31. Kf1 Rf8 {the mate on h5 is gone and curiously
there is no safe square for the bishop so} 32. Bxh6 gxh6 33. Qxh6+ {and there
is no perpetual although white has rough material equality and all three
results remain possible} ) 30. Qh5 (30. Bf6 Qxf2+ 31. Kxf2 Nxg6 32. Bd4 $10 {is
another option} ) 30... Ng4 $1 {counter attacking} 31. Qf7 {forced} 31... hxg5
(31... Qxb2 {might be better} ) 32. Qh5+ Nh6 33. hxg5 Qd2 ( {again} 33... Qxb2
{might be better as} 34. Rc7 $4 Qa1+ {loses to} 35. Kh2 Qe5+) 34. Rd1 Qf4 (
34... Qa5 {pinning is more resilient} ) 35. gxh6 gxh6 36. g3 $1 {White has
neutralised all black's tricks and emerges with the extra pawn intact, a
strengthening attack and now no counterplay for black} 36... Qf6 37. Rd7 Rf8
38. Qe2 Rf7 39. Qe8+ ( {After say} 39. Qe8+ Rf8 40. Qe3 b5 {black can grovel on
but it won't be a lot of fun against renowned endgame maestro Ker} ) 1-0

[Event "Summer Cup"]
[Site "Wellington Chess Club"]
[Date "2013.02.21"]
[Round "3"]
[White "Marney, John"]
[Black "Pandey, Alok"]
[Result "1/2-1/2"]
[WhiteElo "1586"]
[BlackElo "1833"]

1. e4 c5 2. Nc3 g6 3. f4 Bg7 4. Nf3 Nc6 5. Bb5 Nd4 6. d3 Nxb5 7. Nxb5 Qa5+ 8.
Nc3 e6 9. Bd2 Ne7 10. O-O f5 11. Qe1 Qb6 12. Rb1 Nc6 13. a3 Qd8 14. Kh1 a6 15.
e5 d5 16. Ne2 Bd7 17. d4 Qe7 18. dxc5 Qxc5 19. Bc3 O-O-O 20. Ned4 g5 21. Nxc6
Bxc6 22. Nxg5 d4 23. Qf2 Qd5 24. Rbd1 Qxg2+ 25. Qxg2 Bxg2+ 26. Kxg2 dxc3 27.
bxc3 Rxd1 28. Rxd1 Rg8 29. Kf3 Bf8 30. a4 Rg6 31. Nxh7 Bc5 32. Ng5 Kc7 33. h4
Kc6 34. h5 Rh6 35. Rh1 Bf8 36. Ke3 Bc5+ 37. Kd3 Kd5 38. Nf7 Rh7 1/2-1/2

[Event "Summer Cup"]
[Site "Wellington Chess Club"]
[Date "2013.02.21"]
[Round "3"]
[White "Meyer, Marany"]
[Black "Dive, Russell"]
[Result "1/2-1/2"]
[WhiteElo "2064"]
[BlackElo "2425"]

1. e4 Nf6 2. Nc3 d5 3. exd5 Nxd5 4. Nf3 Bg4 5. Be2 Nc6 6. Nxd5 Qxd5 7. d3 e5 8.
O-O Be7 9. Re1 h6 $2 {Losing a pawn cold} 10. Nxe5 $1 Bxe2 11. Qxe2 Nd4 $6 12.
Qd1 {a safe response}  ( {but} 12. Qg4 $1 $16 {was greedy but good} ) 12... O-O
13. c3 Ne6 14. Qg4 Bf6 15. d4 c5 16. Be3 (16. Bxh6 {was interesting and
playable, of course computers don't have fear} ) 16... cxd4 17. Bxd4 Rfd8
{#Diagram} 18. Nc6 $1 {Well played Marany, a second unpleasant tactical
surprise for Russell before move 20} 18... h5 $1 {A resourceful response} 19.
Bxf6 hxg4 20. Ne7+ Kf8 21. Nxd5 Rxd5 22. Bh4 $2 {This sidelines the bishop}  (
22. Be5 $1 {is better with c4 to follow controlling b2 with the bishop} 22...
f6 $2 23. Bxf6 $1 {is not a problem for white} ) 22... Rd2 {Now black is
getting sufficient counterplay} 23. Rab1 Re8 24. Bg3 Red8 25. Kf1 g5 26. Re2
Nc5 27. Ke1 R2d5 28. f3 gxf3 29. gxf3 Rf5 30. Kf2 Rd3 31. Re3 g4 32. f4 Rd2+
33. Re2 Nd3+ {It's almost surprising that this rather dramatic incursion of
black's forces leads to no more than restoration of material equality} 34. Ke3
Rxe2+ 35. Kxe2 Nxf4+ 36. Bxf4 Rxf4 37. Rd1 Re4+ 38. Kf2 Ra4 39. a3 {This ending
looks to be about equal. I am a little surprised Russell didn't try to make
something out of nothing.} 1/2-1/2

[Event "Summer Cup"]
[Site "Wellington Chess Club"]
[Date "2013.02.21"]
[Round "3"]
[White "Miriyala, Rama Rao"]
[Black "Sknar, Andrew"]
[Result "1-0"]
[WhiteElo "2028"]
[BlackElo "963"]

1. e4 e5 2. Nf3 Nc6 3. Bc4 Nf6 4. d3 Nd4 5. Nxe5 Bd6 6. Nxf7 Qe7 7. Nxh8 Bb4+
8. c3 Bc5 9. cxd4 Bxd4 10. Nc3 b6 11. Nb5 Bb7 12. Nxc7+ Kd8 13. Nxa8 Bxa8 14.
Qc2 Qe5 15. Nf7+ Ke7 16. Nxe5 Bxe5 17. b3 Bxa1 18. Ba3+ d6 19. Ba6 Be5 20. Qc7+
Ke6 21. Bc8+ Nd7 22. Qxd7+ Kf6 23. Qe6+ Kg5 24. Bc1+ Kh5 25. Qg4# 1-0

[Event "Summer Cup"]
[Site "Wellington Chess Club"]
[Date "2013.02.21"]
[Round "3"]
[White "Nyberg, Michael"]
[Black "Nijman, Brian"]
[Result "0-1"]
[WhiteElo "2062"]
[BlackElo "2153"]

1. e4 e6 2. d4 d5 3. exd5 exd5 4. Bd3 c5 5. c3 Nc6 6. Ne2 a6 7. Bf4 c4 8. Bc2
b5 9. Nd2 Nge7 10. Nf3 Ng6 11. Bg5 f6 12. Be3 Bd6 13. h4 Be6 14. h5 Nge7 15.
Nf4 Bf5 16. Bxf5 Nxf5 17. Nxd5 Bg3 18. fxg3 Qxd5 19. Bf2 O-O 20. O-O Rfe8 21.
Re1 Nh6 22. Nd2 Rxe1+ 23. Qxe1 f5 24. Qe2 Ng4 25. Re1 Rc8 26. b3 cxb3 27. Nxb3
Nf6 28. Nc5 Re8 29. Qf3 Rxe1+ 30. Bxe1 a5 31. Qe2 b4 32. Qa6 Ne7 33. Qxa5 bxc3
34. Bxc3 Nxh5 35. Qc7 Kf7 36. Nb3 Nf6 37. Bb4 Ng8 38. Bc5 Qe4 39. Qa5 Qb1+ 40.
Kf2 Nf6 41. Bxe7 Ng4+ 42. Ke2 Qe4+ 43. Kd1 $4 (43. Kd2 Qxg2+ 44. Kc1 Qf1+ {is
anyone's game} ) 43... Ne3+ 0-1

[Event "Summer Cup"]
[Site "Wellington Chess Club"]
[Date "2013.02.21"]
[Round "3"]
[White "Shierlaw, Hamish"]
[Black "Stoeveken, Peter"]
[Result "0-1"]
[WhiteElo "1618"]
[BlackElo "1904"]

1. e4 e6 2. d4 d5 3. Nd2 c5 4. exd5 Qxd5 5. dxc5 Bxc5 6. Ngf3 Nf6 7. Bc4 Qc6 8.
Qe2 Nbd7 9. O-O a6 10. Nb3 Ba7 11. Bd3 b5 12. Be3 Bb7 13. Bxa7 Rxa7 14. Na5 Qc5
15. Nxb7 Rxb7 16. Rfe1 Nd5 17. Be4 N7f6 18. Bxd5 Nxd5 19. c3 O-O 20. Rad1 Rd7
21. Ne5 Rd6 22. Qf3 Qc7 23. Nd3 Rfd8 24. Nc1 Nf4 25. Rxd6 Qxd6 26. g3
{#Diagram} 26... Qd2 $1 {Black establishes a positional advantage for the
endgame and makes it tell in convincing fashion} 27. Qe3 Qxe3 28. fxe3 Nh3+ 29.
Kg2 Ng5 30. Nb3 Ne4 31. Kf3 f5 32. Ke2 Kf7 33. Rd1 Rxd1 34. Kxd1 g5 35. Nd2
Nxd2 36. Kxd2 Kf6 37. Kd3 Ke5 38. b3 h5 39. a3 Kd5 40. h3 e5 41. h4 g4 42. a4
bxa4 43. bxa4 a5 {#Diagram} 44. c4+ Kc5 45. Kc3 f4 $3 {The thematic winning
move} 46. exf4 exf4 47. gxf4 g3 48. f5 g2 0-1

[Event "Summer Cup"]
[Site "Wellington Chess Club"]
[Date "2013.02.21"]
[Round "3"]
[White "Theodosiou, Andreas"]
[Black "Sknar, Andrew"]
[Result "1-0"]
[WhiteElo "1327"]
[BlackElo "1417"]

1. e4 e5 2. Nf3 d6 3. d4 d5 4. dxe5 dxe4 5. Qxd8+ Kxd8 6. Ng5 Ke8 7. Bc4 Nh6 8.
Nxe4 Nc6 9. Bxh6 gxh6 10. f4 Bf5 11. Nbc3 Bb4 12. O-O-O Bxc3 13. Nxc3 Nb4 14.
Bb3 a6 15. Nd5 Nxd5 16. Bxd5 c6 17. Bf3 Ke7 18. g4 Bd7 19. Rd6 f6 20. Rxf6 Raf8
21. Rxf8 Rxf8 22. f5 b5 23. Re1 h5 24. f6+ Ke6 25. g5 Rg8 26. h4 Be8 27. Kd2
Rh8 28. Kc3 h6 29. Kd4 hxg5 30. hxg5 Kf5 31. Rg1 h4 32. Be4+ Ke6 33. g6 c5+ 34.
Kxc5 Kxe5 35. Bd5 Bd7 36. g7 Rc8+ 37. Kb6 Kxd5 38. g8=Q+ Be6 39. Rd1+ Ke4 40.
Qxe6+ Kf4 41. Rf1+ Kg5 42. Qf5+ Kh6 43. Qxc8 b4 44. Qg4 b3 45. Rh1 bxa2 46.
Rxh4# 1-0

[Event "Summer Cup"]
[Site "Wellington Chess Club"]
[Date "2013.02.21"]
[Round "3"]
[White "Timergazi, Irek"]
[Black "Veldhuizen, Matt"]
[Result "0-1"]
[WhiteElo "1425"]
[BlackElo "1576"]

1. d4 f5 2. Nc3 Nf6 3. Bg5 g6 4. e3 Bg7 5. Bc4 c6 6. Nge2 d5 7. Bb3 O-O 8. h3
Na6 9. g4 fxg4 10. Bxf6 exf6 11. Nf4 f5 12. hxg4 fxg4 13. Ne4 Bf5 14. Ng3 Qe8
15. Kd2 Nc7 16. c4 Rd8 17. Bc2 dxc4 18. Nxf5 gxf5 19. Rxh7 Bxd4 20. exd4 Rxd4+
21. Nd3 Kxh7 22. Qh1+ Kg7 23. Kc3 Nb5+ 24. Kb4 0-1

[Event "Summer Cup"]
[Site "Wellington Chess Club"]
[Date "2013.02.21"]
[Round "3"]
[White "Timergazi, Layla"]
[Black "Turner, Michael"]
[Result "0-1"]
[WhiteElo "1823"]
[BlackElo "2139"]

1. d4 Nf6 2. c4 e6 3. Nc3 Bb4 4. e3 b6 5. Bd3 Bb7 6. Nf3 O-O 7. O-O c5 8. Bd2
cxd4 9. Nxd4 Nc6 10. Ne4 Be7 11. Nb5 Ne5 12. Nxf6+ Bxf6 13. Bc3 d5 14. Bxe5
Bxe5 {#Diagram} 15. Bxh7+ $1 {A nice mini combination} 15... Kxh7 16. Qh5+ Kg8
17. Qxe5 dxc4 18. Nd6 Ba6 19. Rac1 $2 {Black's next move means that it would
have been better to move the king's rook} 19... c3 $1 20. Rfd1 cxb2 21. Qxb2
Qg5 22. Rc2 (22. Rc7 $1 {is natural and good} ) 22... Rfd8 23. Rdd2 $2 {A
second rather ungainly rook move} 23... Qe7 24. Rc6 {#Diagram The players now
exchange serious errors} 24... Qd7 $2 {This should lose} 25. Rdc2 $4 {But
instead it wins}  (25. Nf5 $3) 25... Bb7 $1 0-1

[Event "Summer Cup"]
[Site "Wellington Chess Club"]
[Date "2013.02.21"]
[Round "3"]
[White "Van der Hoorn, Mark"]
[Black "Stracy, Don"]
[Result "1-0"]
[WhiteElo "2165"]
[BlackElo "1763"]

1. d4 Nf6 2. c4 e6 3. Nc3 Bb4 4. f3 c5 5. a3 Bxc3+ 6. bxc3 O-O 7. e4 d6 8. Bd3
Nc6 9. Ne2 b6 10. O-O e5 11. Bg5 h6 12. Bh4 Bb7 13. d5 Na5 14. f4 exf4
{#Diagram} 15. Nxf4 $3 {This is an impressive, entirely computer approved piece
sacrifice} 15... g5 16. Nh5 Nxh5 17. Qxh5 Kg7 {It was probably better to grab
the piece when white has to work hard to justify the sac}  ( {But after say}
17... gxh4 18. Qxh6 f5 19. Qg6+ Kh8 20. Rxf5 Rxf5 21. Qh6+ Kg8 22. exf5
{white's material minus is small and more importantly black still can't
mobilise reinforcements quickly so all of white's pieces together make black's
king easy meat.} ) 18. e5 dxe5 19. Rf5 $1 {The only correct follow-up according
to Houdini, which initially awards white a score of +24 pawns (that's a win
incidentally) then amends it to mate in 13 (also a win)} 19... Bc8 20. Bxg5
hxg5 21. Rxg5+ Kf6 22. Rxe5 1-0

[Event "Summer Cup"]
[Site "Wellington Chess Club"]
[Date "2013.02.21"]
[Round "3"]
[White "Wastney, Scott"]
[Black "Cunningham, Patrick"]
[Result "1-0"]
[WhiteElo "2381"]
[BlackElo "1504"]

1. e4 e5 2. Nf3 Nc6 3. Bb5 a6 4. Ba4 b5 5. Bb3 Be7 6. a4 Bb7 7. Nc3 Nf6 8. d3
O-O 9. O-O b4 10. Nd5 d6 11. a5 Nd4 12. Nxd4 Nxd5 13. exd5 exd4 14. Bd2 c5 15.
dxc6 Bxc6 16. Bxb4 Rb8 17. Bd2 Bg5 18. f4 Bh6 19. Qh5 Rb5 20. Qh3 Bd7 21. Qg3
Rf5 22. Bc4 Qa8 23. Qf2 Rf6 24. Qxd4 Rg6 25. Bd5 Bc6 26. Bxc6 Qxc6 27. Rf2 Qxc2
{#Diagram} 28. f5 $1 {Winning outright because it simultaneously threatens the
rook and a discovered attack on the queen through Bxh6} 28... Bxd2 29. fxg6
hxg6 30. Qe4 Rc8 31. Qe2 Qxb2 32. Rd1 Rc2 33. Rxd2 Rc1+ 34. Rf1 Qd4+ 35. Kh1
Rc3 36. Qe8+ Kh7 37. Qxf7 Qe3 38. Rdf2 Rc5 39. Rf3 1-0

[Event "Summer Cup"]
[Site "Wellington Chess Club"]
[Date "2013.02.21"]
[Round "3"]
[White "Wight, Joshua"]
[Black "Rossiter, Philip"]
[Result "0-1"]
[WhiteElo "1410"]
[BlackElo "1820"]

1. e4 c5 2. Nc3 Nc6 3. Bb5 e6 4. Bxc6 bxc6 5. Nf3 Nf6 6. d3 Be7 7. O-O O-O 8.
Bd2 d5 9. e5 Nd7 10. Re1 Rb8 11. b3 Nb6 12. h3 Qc7 13. Nh2 f5 14. exf6 Bxf6 15.
g3 Qf7 16. Ng4 Nd7 17. Bf4 Bxc3 18. Bxb8 h5 19. Bd6 hxg4 20. Bxf8 Bxa1 21. Qxa1
Kxf8 22. Rf1 gxh3 23. Kh2 Qf5 24. Qc3 e5 25. f4 Kg8 26. Qa5 Nf6 27. Qd8+ Kh7
28. Kh1 Qg4 29. fxe5 Qxg3 30. Rg1 Qf3+ 0-1

[Event "Summer Cup"]
[Site "Wellington Chess Club"]
[Date "2013.02.21"]
[Round "3"]
[White "Wilkins, Mark"]
[Black "List, Robert"]
[Result "0-1"]
[WhiteElo "1909"]
[BlackElo "1626"]

1. e4 c5 2. d4 cxd4 3. c3 dxc3 4. Nxc3 Nc6 5. Nf3 d6 6. Bc4 e6 7. O-O Nf6 8.
Bg5 Be7 9. Re1 a6 10. a3 Qb6 11. Qc2 Bd7 12. b4 Rc8 13. Be3 Qc7 14. Nd2 Ne5 15.
Rac1 Nxc4 16. Ne2 b5 17. Qa2 Qb7 18. Nxc4 bxc4 19. Rxc4 Rxc4 20. Qxc4 Bb5 21.
Qc3 e5 22. f3 O-O 23. Qd2 Bxe2 24. Rxe2 Nxe4 25. fxe4 Qxe4 26. Bf2 Qb7 27. Qb2
f5 28. Rd2 Rd8 29. a4 Bf6 30. b5 e4 31. Qb3+ d5 32. Bd4 Bxd4+ 33. Rxd4 Qb6 34.
Qb2 axb5 35. axb5 Rb8 36. Qd2 Qxb5 37. Rxd5 Qb1+ 38. Qd1 e3 39. Kf1 Qxd1+ 40.
Rxd1 g5 41. Ke2 f4 42. Kf3 h6 43. g3 Rf8 44. gxf4 gxf4 45. h4 Kg7 46. Rg1+ Kh7
47. Rg2 Rf5 48. Rc2 h5 49. Rg2 Re5 50. Re2 Rf5 51. Rg2 Kh6 52. Re2 Kg6 53. Rb2
Rf6 54. Rg2+ Kf7 55. Rg5 Re6 56. Rf5+ Kg6 57. Rg5+ Kf6 58. Rxh5 Re5 59. Rh6+
Kg7 0-1

[Event "Summer Cup"]
[Site "Wellington Chess Club"]
[Date "2013.02.28"]
[Round "4"]
[White "Cunningham, Patrick"]
[Black "Roberts, Michael"]
[Result "0-1"]
[WhiteElo "1504"]
[BlackElo "1839"]

1. e4 e6 2. Nf3 c5 3. d4 cxd4 4. Nxd4 Nc6 5. Nc3 Nf6 6. Be2 Be7 7. O-O O-O 8.
Be3 a6 9. a3 d6 10. Nxc6 bxc6 11. Qd2 Rb8 12. Rab1 e5 13. Rfd1 Qc7 14. Bg5 Rd8
15. Kh1 h6 16. Be3 {#Diagram} 16... d5 $1 {An important Sicilian theme. In this
game the Sicilian central majority dominates the board. White cannot afford
insipid play in the Open Sicilian} 17. exd5 cxd5 18. Bxh6 {Desperation already}
18... gxh6 19. Qxh6 Bf5 20. Qg5+ Bg6 21. Rd3 Ne4 $1 {Very nice} 22. Qe3 d4 23.
Qf3 Nxc3 24. Rxc3 dxc3 25. b3 Rb6 26. Qg3 Kf8 27. Qh3 Bf6 28. Re1 Rd2 29. Qh6+
Bg7 0-1

[Event "Summer Cup"]
[Site "Wellington Chess Club"]
[Date "2013.02.28"]
[Round "4"]
[White "Dive, Russell"]
[Black "Wastney, Scott"]
[Result "0-1"]
[WhiteElo "2425"]
[BlackElo "2381"]

1. d4 d5 2. c4 e6 3. Nc3 Nf6 4. Bg5 Be7 5. e3 h6 6. Bxf6 Bxf6 7. cxd5 exd5 8.
Bd3 c5 9. Nge2 c4 10. Bc2 Be6 11. Nf4 O-O 12. Qf3 Nc6 13. O-O Nb4 14. Bb1 Bg5
15. Nh5 g6 16. Ng3 f5 17. Nge2 Qd6 18. g3 Rad8 19. h4 Be7 20. a3 Nc6 21. Nf4
Bf7 {#Diagram A very unbalanced and interesting position has arrived on the
board. White has been trying to 'soften up' Black's kingside, and certainly
there are now weaknesses there. But levering open lines is clearly going to be
very double-edged...} 22. g4 $6 {It seems this has been the point of White's
play. I noticed that when 'looking' at the diagrammed position Houdini briefly
declares 22.g4 as its first choice but then quickly changes its mind. Clearly
it sees something nasty hidden in the future...} 22... Bxh4 23. gxf5 Bg5 $1
{Black has a narrow path to tread and Scott finds it unerringly. White has
tactical problems based on f file pins and the fact that the e3 pawn is
overloaded, defending both d4 and f4.} 24. fxg6 Be6 25. Nce2 Bxf4 {#Diagram}
26. exf4 ( {Houdini insists the only way for White to keep the game going is to
play} 26. Qh5 Bg5 27. f4 Bf6 28. Qxh6 {with 2 pawns, some space and an attack
for the piece. This doesn't look an attractive option to human eyes.} ) 26...
Nxd4 $1 {Decisive} 27. Nxd4 Rxf4 28. Qh5 Rxd4 ( {A nice computer finish is}
28... Rg4+ 29. Kh1 Qf4 {with the unstoppable threat} 30. -- Rh4+) 29. Qxh6 Rg4+
30. Kh1 Qe7 $1 31. Qh7+ Kf8 $1 {A classy final touch} 32. g7+ {Allows an
attractive finish but}  (32. Qh8+ Bg8 33. g7+ Qxg7 34. Qxg7+ Rxg7 35. Rg1 Re8
36. Bf5 Re2 {is a hopeless endgame} ) 32... Qxg7 33. Qh2 Kf7 34. Qh5+ Ke7 0-1

[Event "Summer Cup"]
[Site "Wellington Chess Club"]
[Date "2013.02.28"]
[Round "4"]
[White "Forster, Bill"]
[Black "Brockway, Andrew"]
[Result "1-0"]
[WhiteElo "2078"]
[BlackElo "1789"]

1. Nf3 c5 2. g3 g6 3. Bg2 Nc6 4. O-O Bg7 5. c4 Nf6 6. Nc3 O-O 7. Rb1 e5 8. a3
d6 9. b4 a6 10. d3 Bg4 11. bxc5 Rb8 12. Na4 dxc5 13. Nxc5 Qe7 14. Nb3 e4 15.
dxe4 Nxe4 16. Be3 Rfd8 17. Qc2 Bf5 18. Nh4 Nc3 19. Nxf5 gxf5 20. Qxf5 Nxb1 21.
Bg5 Qd7 22. Qxb1 Re8 23. Rd1 Qe6 24. e3 Qg6 25. Qxg6 hxg6 26. Nc5 Re5 27. Nd7
Rxg5 28. Nxb8 Rc5 29. Nxc6 bxc6 30. Rd8+ Bf8 31. Ra8 Rxc4 32. Rxa6 Rc1+ 33. Bf1
c5 34. Kg2 c4 35. a4 c3 36. Rc6 Bb4 37. Bc4 Ra1 38. Bb3 Rb1 39. Bc2 Rb2 40. Be4
Ra2 41. Rc4 Rxa4 42. Kf3 Kg7 43. Bd3 Kf6 44. Ke4 Ke6 45. h4 f5+ 46. Kd4 Kd6 47.
h5 Bc5+ 48. Kxc3 Rxc4+ 49. Kxc4 gxh5 50. Bxf5 Bb6 51. Bg6 Ba5 52. Kd3 h4 53.
gxh4 Ke5 54. h5 Kf6 55. Ke4 Be1 56. f4 Bc3 57. f5 Kg5 58. Kd5 Kf6 59. e4 Ke7
60. e5 1-0

[Event "Summer Cup"]
[Site "Wellington Chess Club"]
[Date "2013.02.28"]
[Round "4"]
[White "Frater, Dylan"]
[Black "Theodosiou, Andreas"]
[Result "0-1"]
[WhiteElo "1552"]
[BlackElo "1317"]

1. d4 Nf6 2. c4 g6 3. f3 Bg7 4. Nc3 d6 5. e4 O-O 6. Bd3 e5 7. d5 c6 8. Be3 Re8
9. Qd2 Nh5 10. Nge2 Qh4+ 11. Bf2 Qe7 12. O-O Na6 13. Ng3 Nf4 14. Be3 Qg5 15.
Nce2 Nxe2+ 16. Nxe2 Qe7 17. b4 Bd7 18. dxc6 bxc6 19. c5 Nc7 20. cxd6 Qxd6 21.
Bc5 Qe6 22. Rac1 Qf6 23. Bc4 Be6 24. Qe3 Bxc4 25. Rxc4 Ne6 26. Bxa7 Nf4 27.
Nxf4 Bh6 28. g3 exf4 29. Qb6 fxg3 30. hxg3 Qd6 31. Kg2 Qd2+ 32. Rf2 Qe1 33.
Qxc6 Rec8 34. Qb7 Rd8 35. Rc7 {#Diagram} 35... Rd1 $6 {Strictly speaking I
should use ?? as in fact Black has a win on the board with a quite different
move, but I salute Andreas' brave sacrifice.}  (35... Rxa7 $3 36. Qxa7 Be3) 36.
Qxa8+ Bf8 37. Kh3 Qh1+ 38. Rh2 {I am sure Andreas had calculated the
alternative to a win :-)}  (38. Kg4 Qh5+ 39. Kf4 Qh6+ 40. Kg4 f5+ 41. exf5 Qh5+
42. Kf4 Qxf5+ 43. Ke3 Qd3+ 44. Kf4 Qd6+ 45. Ke3 Qxc7) 38... Qf1+ 39. Kg4 $1 h5+
$1 40. Kh4 $2 ( {The computer finds an advantage for White in} 40. Rxh5 gxh5+
41. Kf4 {hiding from all checks} ) 40... Qxf3 $1 41. Rf2 $2 {Missing mate on
the move. But congratulations to both players for a very exciting conclusion.}
( {The computer keeps the game going only by the miraculous sequence} 41. Qxf8+
Kxf8 42. Rxf7+ Kxf7 43. Rf2 Qxf2 44. Bxf2 {with advantage to Black. } ) 0-1

[Event "Summer Cup"]
[Site "Wellington Chess Club"]
[Date "2013.02.28"]
[Round "4"]
[White "Jackson, Ross"]
[Black "Timergazi, Layla"]
[Result "1-0"]
[WhiteElo "1996"]
[BlackElo "1823"]

1. d4 d5 2. c4 c6 3. Nf3 Nf6 4. e3 e6 5. Be2 dxc4 6. Bxc4 b5 7. Be2 a6 8. O-O
Nbd7 9. Nbd2 Bb7 10. b3 c5 11. Bb2 Bd6 12. dxc5 Bxc5 13. a4 b4 14. Rc1 Rc8 15.
Nc4 O-O 16. Nd6 Bxd6 17. Qxd6 Qa5 18. Qg3 Bd5 19. Ne5 g6 20. Nc4 Qd8 21. Qf4 a5
22. Qd4 h5 {#Diagram} 23. Ne5 $1 (23. Ne5 Nxe5 24. Rxc8 $1 Qxc8 25. Qxe5)  (23.
Ne5 Qb6 24. Nxd7 Qxd4 25. Nxf6+ $1 Qxf6 26. Bxf6) 1-0